| 000 | 00339 a2200133 4500 | ||
|---|---|---|---|
| 000 | nam a22 7a 4500 | ||
| 005 | 20260306122559.0 | ||
| 020 | _a9781032370385 | ||
| 100 |
_aMark C. Leake _91058082 |
||
| 245 | _aBiophysics Tools and Techniques for the Physics of Life | ||
| 250 | _a2nd | ||
| 260 |
_bCRC Press _c2024 |
||
| 942 | _cTEXL | ||
| 999 |
_c1688490 _d1688490 |
||